Famous Football Players Picture Quiz - Germany - Statistics

General Stats
  • This quiz has been taken 1,038 times
  • The average score is 11 of 15
Answer Stats
Picture Answer % Correct
Thomas Müller
98%
Menuel Neuer
95%
Toni Kroos
92%
Oliver Kahn
89%
Philipp Lahm
88%
Miroslav Klose
87%
Bastian Schweinsteiger
84%
Michael Ballack
82%
Lucas Podolski
75%
Franz Beckenbauer
73%
Lothar Matthäus
64%
Jürgen Klinsmann
57%
Rudi Völler
46%
Karl-Heinz Rummenigge
37%
Paul Breitner
21%
No matching quizzes found
Score Distribution
Percent of People with Each Score
Percentile by Number Answered
Your Score History
You have not taken this quiz